• 首页
  • 本馆介绍
  • 公告通知
  • 最新文献
  • 馆藏检索
  • 电子资源
  • 读者导购
  • 参考咨询
  • 我的图书馆
  • 登录
  • 详细信息显示
  • 放入我的书架
  • 预约/预借图书
  • 作者相关作品
  • 分类相关作品
  • 丛书相关作品
  • 出版社相关作品

书目信息

  • 表格格式
  • 工作单格式
  • 卡片格式
题名:
杨儒庚辛存稿
    
 
作者: ;中国社科院 编
分册:  
出版信息: 北京   中国社会科学出版社  1980
页数: 325页
开本: 21cm w
丛书名:
单 册:
中图分类: K256.706 , K253
科图分类:
主题词: 义和团运动--史料
电子资源:
ISBN:
000 00757nam0 2200241 450
001 1553548602
005 20150126145308.29
010    @dCNY1.20
091    @a11190.031
100    @a20130329d1980 em y0chiy0110 ea
101 0  @achi
102    @aCN@b110000
105    @ay z 000yy
200 1  @a杨儒庚辛存稿@9yang ru geng xin cun gao@f中国社会科学院近代史资料编辑组编
210    @a北京@c中国社会科学出版社@d1980
215    @a325页@d21cm w
300    @a近代史资料专刊
606 0  @a义和团运动@x史料
690    @aK256.706@v5
690    @aK253@v4
711 02 @a中国社科院@9zhong guo she ke yuan jin dai shi zi liao bian ji zu jin dai shi zi liao bian ji zu@b近代史研究所@b近代史资料编辑组@4编
801  0 @aCN@bTSSF@c20150126
905    @aZUCC@dK253@eJY11
    
    杨儒庚辛存稿/中国社会科学院近代史资料编辑组编.-北京:中国社会科学出版社,1980
    325页;21cm w
    近代史资料专刊
    
    ISBN :CNY1.20
    
●
相关链接 在E读中查询图书 在五车中查询图书 在当当中查询图书 在豆瓣中查询图书


正题名:杨儒庚辛存稿     索取号:K253/JY11         预约/预借

序号 登录号 条形码 馆藏地/架位号 状态 备注
1 7838526   278385267   学院路分馆/ [索取号:K253/JY11] 在馆    
唐山师范学院图书馆 欢迎您!
大连网信软件有限公司© 版权所有